<?xml version="1.0" encoding="UTF-8"?>
<record
    xmlns:xsi="http://www.w3.org/2001/XMLSchema-instance"
    xsi:schemaLocation="http://www.loc.gov/MARC21/slim http://www.loc.gov/standards/marcxml/schema/MARC21slim.xsd"
    xmlns="http://www.loc.gov/MARC21/slim">

  <leader>01014nam0a22002651  4500</leader>
  <controlfield tag="001">rc\2975437</controlfield>
  <controlfield tag="005">20250530001954.0</controlfield>
  <datafield tag="035" ind1=" " ind2=" ">
    <subfield code="a">(NLR Aleph) 007121153</subfield>
  </datafield>
  <datafield tag="090" ind1=" " ind2=" ">
    <subfield code="a">6864107</subfield>
    <subfield code="c">6864107</subfield>
  </datafield>
  <datafield tag="100" ind1=" " ind2=" ">
    <subfield code="a">20110908d1933    |||y0rusy50      ca</subfield>
  </datafield>
  <datafield tag="101" ind1="0" ind2=" ">
    <subfield code="a">rus</subfield>
  </datafield>
  <datafield tag="102" ind1=" " ind2=" ">
    <subfield code="a">RU</subfield>
  </datafield>
  <datafield tag="105" ind1=" " ind2=" ">
    <subfield code="a">a   z   |||||</subfield>
  </datafield>
  <datafield tag="200" ind1="1" ind2=" ">
    <subfield code="a">&#x41E;&#x431;&#x43E;&#x431;&#x449;&#x435;&#x43D;&#x43D;&#x44B;&#x435; &#x432;&#x44B;&#x432;&#x43E;&#x434;&#x44B; &#x444;&#x43E;&#x440;&#x43C;&#x443;&#x43B; &#x434;&#x43B;&#x44F; &#x440;&#x430;&#x441;&#x447;&#x435;&#x442;&#x430; &#x438;&#x437;&#x433;&#x438;&#x431;&#x430;&#x435;&#x43C;&#x44B;&#x445; &#x43E;&#x441;&#x43D;&#x43E;&#x432;&#x43D;&#x44B;&#x445; &#x436;&#x435;&#x43B;&#x435;&#x437;&#x43E;&#x431;&#x435;&#x442;&#x43E;&#x43D;&#x43D;&#x44B;&#x445; &#x43A;&#x43E;&#x43D;&#x441;&#x442;&#x440;&#x443;&#x43A;&#x446;&#x438;&#x439;</subfield>
    <subfield code="f">&#x434;&#x43E;&#x446;. &#x412;.&#x41D;. &#x41D;&#x435;&#x440;&#x43E;&#x43D;</subfield>
    <subfield code="g">&#x421;&#x440;&#x435;&#x434;&#x43D;&#x435;-&#x410;&#x437;&#x438;&#x430;&#x442;&#x441;&#x43A;. &#x438;&#x43D;-&#x442; &#x438;&#x43D;&#x436;. &#x438; &#x442;&#x435;&#x445;&#x43D;&#x438;&#x43A;&#x43E;&#x432; &#x438;&#x440;&#x440;&#x438;&#x433;&#x430;&#x446;&#x438;&#x438;</subfield>
  </datafield>
  <datafield tag="210" ind1=" " ind2=" ">
    <subfield code="a">&#x422;&#x430;&#x448;&#x43A;&#x435;&#x43D;&#x442;</subfield>
    <subfield code="c">&#x411;. &#x438;.</subfield>
    <subfield code="d">1933</subfield>
    <subfield code="g">&#x421;&#x442;&#x435;&#x43A;&#x43B;&#x43E;&#x433;&#x440;&#x430;&#x444;&#x438;&#x44F; &#x421;&#x410;&#x418;&#x418;&#x422;&#x418;</subfield>
  </datafield>
  <datafield tag="215" ind1=" " ind2=" ">
    <subfield code="a">[2], 20, [1] &#x441;.</subfield>
    <subfield code="c">&#x447;&#x435;&#x440;&#x442;.</subfield>
    <subfield code="d">24 &#x441;&#x43C;</subfield>
  </datafield>
  <datafield tag="300" ind1=" " ind2=" ">
    <subfield code="a">&#x411;&#x435;&#x437; &#x442;&#x438;&#x442;. &#x43B;. &#x41E;&#x43F;&#x438;&#x441;&#x430;&#x43D;&#x43E; &#x43F;&#x43E; &#x43E;&#x431;&#x43B;.</subfield>
  </datafield>
  <datafield tag="300" ind1=" " ind2=" ">
    <subfield code="a">&#x41D;&#x430;&#x43F;&#x438;&#x441;&#x430;&#x43D;&#x43E; &#x43E;&#x442; &#x440;&#x443;&#x43A;&#x438;</subfield>
  </datafield>
  <datafield tag="300" ind1=" " ind2=" ">
    <subfield code="a">&#x421;&#x442;&#x435;&#x43A;&#x43B;&#x43E;&#x433;&#x440;.</subfield>
  </datafield>
  <datafield tag="700" ind1=" " ind2="1">
    <subfield code="a">&#x41D;&#x435;&#x440;&#x43E;&#x43D;</subfield>
    <subfield code="b">&#x412;.&#x41D;.</subfield>
  </datafield>
  <datafield tag="801" ind1=" " ind2="0">
    <subfield code="a">RU</subfield>
    <subfield code="b">NLR</subfield>
    <subfield code="g">psbo</subfield>
  </datafield>
  <datafield tag="801" ind1=" " ind2="1">
    <subfield code="a">RU</subfield>
    <subfield code="b">ELAR</subfield>
    <subfield code="2">rusmarc</subfield>
  </datafield>
  <datafield tag="852" ind1=" " ind2=" ">
    <subfield code="a">NLR</subfield>
    <subfield code="j">33-11/2475</subfield>
  </datafield>
  <datafield tag="942" ind1=" " ind2=" ">
    <subfield code="c">BOOK</subfield>
  </datafield>
  <datafield tag="980" ind1=" " ind2=" ">
    <subfield code="a">NB</subfield>
  </datafield>
  <datafield tag="995" ind1=" " ind2=" ">
    <subfield code="5">2013-10-26</subfield>
    <subfield code="b">NLR02</subfield>
    <subfield code="c">NLR02</subfield>
    <subfield code="e">RFS</subfield>
    <subfield code="f">7121153-10</subfield>
    <subfield code="k">33-11/2475</subfield>
    <subfield code="o">0</subfield>
    <subfield code="r">BOOK</subfield>
    <subfield code="s">33112475_</subfield>
  </datafield>
</record>
